000 00649nam a2200277Ia 4500
005 20260324115228.0
008 008 260324s9999 xx 000 0 eng d
020 _a9780429287701
037 _aEBOOK
040 _aCRL
040 _beng
040 _cCRL
041 _2eng
041 _aeng
084 _qCRL
100 _aGirma Biresaw; K.L. Mittal
_91153858
245 0 _aSurfactants in Tribology, Volume 6
260 _bTaylor and Francis
260 _c2019
365 _a
365 _b370
856 _uhttp://www.taylorfrancis.com/books/9780429287701
942 _cEBOOK
999 _c1744585
_d1744585